[Event "Top Loire 2011-2012"]
[Site "Loire"]
[Date "2012.01.07"]
[Round "4.3"]
[White "Deville, Olivier"]
[Black "Garon, Pierre"]
[Result "1-0"]
[WhiteElo "1951"]
[BlackElo "1922"]
[PlyCount "109"]
[EventDate "2012.??.??"]

1. Nf3 d5 2. c4 e6 3. b3 Nf6 4. Bb2 Be7 5. e3 O-O 6. Be2 b6 7. O-O Bb7 8. Qc2
Nbd7 9. d4 c5 10. Nc3 Rc8 11. cxd5 exd5 12. Qf5 cxd4 13. Nxd4 Nc5 14. Rfd1 g6
15. Qh3 Nfe4 16. Nxe4 Nxe4 17. Bg4 Rc7 18. Ne6 fxe6 19. Bxe6+ Rf7 20. Bxf7+
Kxf7 21. Qxh7+ Ke6 22. Qxg6+ Bf6 23. Bxf6 Nxf6 24. e4 Qg8 25. exd5+ Bxd5 26.
Qxg8+ Nxg8 27. Re1+ Kf5 28. Rac1 Rg7 29. g3 Nf6 30. Rc3 Ne4 31. Rce3 Rc7 32. f3
Nc3 33. Re7 Rxe7 34. Rxe7 Nxa2 35. Rxa7 Nb4 36. Ra4 Nc2 37. Kf2 Bxb3 38. g4+
Kg5 39. Ra6 Kf4 40. Rxb6 Nd4 41. Rb4 Ke5 42. g5 Bc2 43. f4+ Kd5 44. Rb6 Nf5 45.
g6 Ke4 46. Rb4+ Kd5 47. Rb7 Ke4 48. g7 Nh6 49. Rb8 Kxf4 50. g8=Q Nxg8 51. Rxg8
Be4 52. h4 Bd5 53. Rg7 Bb3 54. h5 Bc2 55. h6 1-0

[Event "Top Loire 2011-2012"]
[Site "Loire"]
[Date "2012.01.07"]
[Round "4.4"]
[White "Jan, Christophe"]
[Black "Furnon, Yannick"]
[Result "1/2-1/2"]
[WhiteElo "1880"]
[BlackElo "1890"]
[PlyCount "66"]
[EventDate "2012.??.??"]

1. e4 c6 2. d4 d5 3. e5 Bf5 4. Bd3 Bxd3 5. Qxd3 e6 6. Nc3 Ne7 7. Nge2 Ng6 8.
O-O Be7 9. f4 O-O 10. Bd2 f5 11. Nd1 c5 12. c3 Qb6 13. dxc5 Bxc5+ 14. Be3 Nc6
15. Bxc5 Qxc5+ 16. Nd4 Nxd4 17. Qxd4 Qxd4+ 18. cxd4 Rac8 19. Nc3 a6 20. g3 Rc4
21. Rfd1 Rfc8 22. Kf2 b5 23. Ke3 Ne7 24. Rac1 Kf7 25. Ne2 R8c7 26. b3 R4c6 27.
Rxc6 Rxc6 28. Rc1 Rxc1 29. Nxc1 Nc6 30. Nd3 Ke7 31. a3 a5 32. Nc5 b4 33. a4 Kf7
1/2-1/2

[Event "Top Loire 2011-2012"]
[Site "Loire"]
[Date "2012.01.07"]
[Round "4.5"]
[White "Aumont-Mathieu, Georges"]
[Black "Bruel, Bruno"]
[Result "0-1"]
[WhiteElo "1910"]
[BlackElo "1720"]
[PlyCount "42"]
[EventDate "2012.??.??"]

1. e4 c5 2. c3 d5 3. exd5 Qxd5 4. d4 Nc6 5. Nf3 cxd4 6. cxd4 e5 7. Nc3 Bb4 8.
Bd2 Bxc3 9. Bxc3 e4 10. Ne5 Nxe5 11. dxe5 Ne7 12. Qa4+ Bd7 13. Qa3 Qe6 14. Be2
O-O 15. Rd1 Nd5 16. Bc4 Bc6 17. O-O Rfd8 18. Qb3 b5 19. Bxb5 Rab8 20. a4 a6 21.
Rfe1 axb5 0-1

[Event "Top Loire 2011-2012"]
[Site "Loire"]
[Date "2012.01.07"]
[Round "4.6"]
[White "Pareux, Marc"]
[Black "Cursoux, Gerard"]
[Result "1/2-1/2"]
[WhiteElo "1750"]
[BlackElo "1920"]
[PlyCount "89"]
[EventDate "2012.??.??"]

1. d4 c5 2. d5 Nf6 3. c4 b5 4. Nc3 b4 5. Nb1 d6 6. Nd2 Bf5 7. f3 e5 8. e4 Bg6
9. Bd3 Be7 10. Ne2 Nfd7 11. Nf1 O-O 12. g4 Bh4+ 13. Neg3 Nb6 14. Ne3 Na6 15. b3
Nc7 16. O-O a5 17. Ngf5 a4 18. Bb2 Bg5 19. Qe1 Qd7 20. h4 Bxf5 21. hxg5 Bg6 22.
Nf5 axb3 23. axb3 Rxa1 24. Bxa1 Ra8 25. f4 f6 26. gxf6 Bxf5 27. gxf5 gxf6 28.
Rf2 Kh8 29. Rg2 Qf7 30. fxe5 fxe5 31. Bb2 Nd7 32. Qh4 Ne8 33. Be2 Nef6 34. Kh2
Rg8 35. Bc1 Rxg2+ 36. Kxg2 Qg7+ 37. Kf2 Qf7 38. Bh6 Kg8 39. Ke3 Kh8 40. Bf3 Qg8
41. Bg5 Qf7 42. Bh6 Qg8 43. Bg5 Qg7 44. Kd3 Kg8 45. Be3 1/2-1/2

[Event "Top Loire 2011-2012"]
[Site "Loire"]
[Date "2012.01.07"]
[Round "4.7"]
[White "Andre, Gregory"]
[Black "Longueville, Thomas"]
[Result "1/2-1/2"]
[WhiteElo "1730"]
[BlackElo "1788"]
[PlyCount "47"]
[EventDate "2012.??.??"]

1. Nf3 Nf6 2. c4 g6 3. g3 Bg7 4. Bg2 d6 5. d4 O-O 6. Nc3 Nbd7 7. O-O c5 8. d5
Nb6 9. Nd2 Ng4 10. Qc2 e5 11. b3 f5 12. e4 f4 13. Nf3 g5 14. h3 Nh6 15. g4 Nf7
16. Nh2 Qf6 17. Bf3 Bd7 18. Bd2 Nh8 19. Be2 Ng6 20. f3 Kf7 21. Kf2 Rh8 22. Rh1
Nh4 23. Rag1 h5 24. Qd1 1/2-1/2

[Event "Top Loire 2011-2012"]
[Site "Loire"]
[Date "2012.01.07"]
[Round "4.8"]
[White "Walter, Alain"]
[Black "Moleins, Adrien"]
[Result "1/2-1/2"]
[WhiteElo "1780"]
[BlackElo "1696"]
[PlyCount "83"]
[EventDate "2012.??.??"]

1. d4 f5 2. c4 e6 3. Nc3 c5 4. e3 Nf6 5. g3 Be7 6. Bg2 Qc7 7. b3 O-O 8. Nge2 a6
9. O-O Nc6 10. d5 Ne5 11. e4 fxe4 12. Nxe4 Nf7 13. dxe6 dxe6 14. Bb2 Nxe4 15.
Bxe4 Bd7 16. Qc2 Ng5 17. Bg2 Bc6 18. h4 Bxg2 19. Kxg2 Qc6+ 20. Kh2 Nf3+ 21. Kh3
e5 22. Nc3 Qe6+ 23. Kg2 Nxh4+ 24. Kh2 Nf3+ 25. Kg2 Ng5 26. Rh1 e4 27. Rae1 Bd6
28. Nxe4 Qf5 29. Qc3 Rf7 30. Nxg5 Qxg5 31. Qd3 Qf5 32. Qe3 Raf8 33. Re2 Qg4 34.
Qd3 h6 35. Rh4 Qf3+ 36. Qxf3 Rxf3 37. Rg4 R3f7 38. Rg6 Be7 39. Be5 Bf6 40. Bd6
Rc8 41. Rg4 Rc6 42. Be5 1/2-1/2

[Event "Top Loire 2011-2012"]
[Site "Loire"]
[Date "2012.01.07"]
[Round "4.9"]
[White "Boeuf, Jean-Julien"]
[Black "Vier, Serge"]
[Result "0-1"]
[WhiteElo "1530"]
[BlackElo "1740"]
[PlyCount "62"]
[EventDate "2012.??.??"]

1. e4 e6 2. d4 d5 3. Nc3 dxe4 4. Nxe4 Bd7 5. Bg5 Be7 6. Nf3 Bc6 7. Bxe7 Qxe7 8.
Ng3 Qb4+ 9. c3 Qxb2 10. Qc1 Qxc1+ 11. Rxc1 Bxf3 12. gxf3 Nd7 13. Rg1 Ngf6 14.
Ne4 O-O 15. Rb1 Rab8 16. c4 c6 17. a4 Rfd8 18. Kd2 c5 19. Ke3 cxd4+ 20. Kxd4
e5+ 21. Ke3 Nh5 22. Nd6 Nc5 23. Nf5 Kf8 24. Rb5 b6 25. a5 g6 26. Rxg6 hxg6 27.
axb6 axb6 28. Nh4 Nf4 29. Ng2 Nfe6 30. Rb1 f5 31. Be2 f4+ 0-1

[Event "Top Loire 2011-2012"]
[Site "Loire"]
[Date "2012.03.03"]
[Round "5.1"]
[White "Licata-Messana, Luc"]
[Black "Jan, Christophe"]
[Result "1-0"]
[WhiteElo "1960"]
[BlackElo "1880"]
[PlyCount "53"]
[EventDate "2012.??.??"]

1. c4 Nf6 2. g3 g6 3. Bg2 Bg7 4. Nc3 e5 5. e4 d6 6. d3 c5 7. Nge2 Nc6 8. O-O
Bd7 9. f4 Qc8 10. fxe5 dxe5 11. Nd5 Nh5 12. Be3 b6 13. a3 O-O 14. b4 cxb4 15.
axb4 Qd8 16. b5 Na5 17. Nec3 Rc8 18. c5 bxc5 19. Bf3 f5 20. Bxh5 gxh5 21. Qxh5
f4 22. gxf4 exf4 23. Bxf4 Bxc3 24. Nxc3 Rf6 25. Kh1 Rg6 26. Rg1 Qb6 27. Nd5 1-0

[Event "Top Loire 2011-2012"]
[Site "Loire"]
[Date "2012.03.03"]
[Round "5.2"]
[White "Muller, Anthony"]
[Black "Morice, Ludovic"]
[Result "1-0"]
[WhiteElo "2005"]
[BlackElo "2057"]
[PlyCount "63"]
[EventDate "2012.??.??"]

1. d4 e6 2. c4 f5 3. Nc3 d5 4. g3 Nf6 5. Bg2 c6 6. Nh3 Bd6 7. O-O O-O 8. Bf4
Be7 9. Qd3 Nh5 10. Bd2 g5 11. f3 dxc4 12. Qxc4 b5 13. Qd3 b4 14. Na4 f4 15.
gxf4 gxf4 16. Kh1 Bd6 17. Rg1 Kh8 18. Bf1 Rg8 19. Rxg8+ Kxg8 20. Rc1 a5 21. Nc5
Ra7 22. Ne4 Rd7 23. Qb3 Rg7 24. Be1 Be7 25. e3 fxe3 26. Qxe3 Nf6 27. Nxf6+ Bxf6
28. Bf2 Kh8 29. Qf4 Be7 30. Qxb8 Qf8 31. Qf4 Rf7 32. Qe5+ 1-0

[Event "Top Loire 2011-2012"]
[Site "Loire"]
[Date "2012.03.03"]
[Round "5.3"]
[White "Bruel, Bruno"]
[Black "Deville, Olivier"]
[Result "1/2-1/2"]
[WhiteElo "1720"]
[BlackElo "1965"]
[PlyCount "170"]
[EventDate "2012.??.??"]

1. d4 Nf6 2. c4 e6 3. Nc3 Bb4 4. Qc2 c5 5. e3 O-O 6. Bd3 b6 7. Nge2 Bb7 8. O-O
Bxc3 9. Nxc3 cxd4 10. exd4 Nc6 11. Rd1 Nb4 12. Qe2 Nxd3 13. Qxd3 h6 14. Bf4 d5
15. b3 dxc4 16. bxc4 Ba6 17. Rac1 Nd5 18. Bg3 Nxc3 19. Qxc3 Rc8 20. Qb3 Qg5 21.
Qa4 Qa5 22. Qxa5 bxa5 23. c5 Rfd8 24. c6 Rd5 25. c7 Bb5 26. Rc5 Rxc5 27. dxc5
Ba6 28. Rd6 Bb7 29. c6 Ba6 30. Rd1 f6 31. Bd6 e5 32. a4 Kf7 33. f4 e4 34. f5
Bd3 35. Rd2 g6 36. g4 gxf5 37. gxf5 Rg8+ 38. Kf2 e3+ 39. Kxe3 Bxf5 40. Bf4 Re8+
41. Kf2 Re4 42. Kf3 Re8 43. Bxh6 Be4+ 44. Kf2 Bxc6 45. Bf4 Rc8 46. Rd4 Ke7 47.
h4 Rg8 48. Bd6+ Kf7 49. Bg3 Ke7 50. h5 Bd7 51. h6 Rh8 52. Bf4 Rc8 53. Ke3 Rg8
54. Rc4 Bc8 55. Rc5 Kd7 56. Rxa5 a6 57. Rd5+ Ke7 58. Rd4 Bd7 59. Rb4 Bc8 60.
Rb8 Kd7 61. Rb6 Ke7 62. Rd6 Rh8 63. a5 Bb7 64. Kd4 Rxh6 65. Rd8 Rh4 66. Ke3
Rh3+ 67. Kd2 Rh5 68. c8=Q Bxc8 69. Rxc8 Rxa5 70. Ra8 Ke6 71. Ke3 Kf5 72. Bc7
Ra3+ 73. Kd4 Ra1 74. Ke3 Rc1 75. Ba5 Rc6 76. Bd2 Re6+ 77. Kf3 Rb6 78. Be3 Rc6
79. Ra7 Ke5 80. Bf4+ Kd4 81. Be3+ Kc4 82. Ke4 Re6+ 83. Kf3 Kb5 84. Rb7+ Ka4 85.
Rb6 Rxb6 1/2-1/2

[Event "Top Loire 2011-2012"]
[Site "Loire"]
[Date "2012.03.03"]
[Round "5.4"]
[White "Tchalimian, Pascal"]
[Black "Garon, Pierre"]
[Result "1-0"]
[WhiteElo "2004"]
[BlackElo "1904"]
[PlyCount "79"]
[EventDate "2012.??.??"]

1. e4 Nf6 2. e5 Nd5 3. c4 Nb6 4. d4 d6 5. exd6 cxd6 6. Bd3 g6 7. Ne2 Bg7 8.
Nbc3 O-O 9. Be3 Nc6 10. O-O Nb4 11. b3 Nxd3 12. Qxd3 Bf5 13. Qd2 Re8 14. Rad1
d5 15. c5 Nc8 16. Nf4 e6 17. f3 h5 18. b4 Qd7 19. b5 a6 20. a4 axb5 21. axb5
Ne7 22. Ra1 Red8 23. Nfe2 f6 24. Ra2 Rxa2 25. Qxa2 Bd3 26. Qa5 e5 27. Ra1 g5
28. Rd1 e4 29. Nc1 Bc4 30. fxe4 dxe4 31. Qb4 Bd5 32. N1e2 Nf5 33. Nxd5 Qxd5 34.
Nc3 Qd7 35. Qc4+ Kh7 36. Qe2 Nxe3 37. Qxe3 f5 38. Qxg5 Bxd4+ 39. Kf1 e3 40. Ne2
1-0

[Event "Top Loire 2011-2012"]
[Site "Loire"]
[Date "2012.03.03"]
[Round "5.5"]
[White "Furnon, Yannick"]
[Black "Andre, Gregory"]
[Result "0-1"]
[WhiteElo "1890"]
[BlackElo "1730"]
[PlyCount "72"]
[EventDate "2012.??.??"]

1. d4 Nf6 2. c4 e6 3. Nf3 c5 4. Nc3 cxd4 5. Nxd4 Qb6 6. e3 Bb4 7. Qc2 a6 8. Bd3
Nc6 9. Nf3 e5 10. O-O Bxc3 11. bxc3 O-O 12. Ng5 g6 13. Ne4 Nxe4 14. Bxe4 f5 15.
Bd5+ Kg7 16. Ba3 Re8 17. Qa4 Ne7 18. Rab1 Qc7 19. Rfd1 Nxd5 20. Rxd5 Qc6 21.
Qb3 Qf6 22. Rd6 Re6 23. Rbd1 a5 24. Qb6 Ra6 25. Qc7 Rc6 26. Qb8 Kh6 27. c5 e4
28. R6d4 Qe5 29. Qa8 Qc7 30. Rd6 Ra6 31. Rxd7 Qxd7 32. Rxd7 Rxa8 33. Rc7 Rc6
34. Re7 Be6 35. h4 Rd8 36. c4 Rd7 0-1

[Event "Top Loire 2011-2012"]
[Site "Loire"]
[Date "2012.03.03"]
[Round "5.6"]
[White "Cursoux, Gerard"]
[Black "Longueville, Thomas"]
[Result "0-1"]
[WhiteElo "1920"]
[BlackElo "1788"]
[PlyCount "61"]
[EventDate "2012.??.??"]

1. e4 e6 2. d4 d5 3. Nc3 Bb4 4. e5 Qd7 5. a3 Bf8 6. f4 g6 7. Nf3 b6 8. Ne2 Ba6
9. c3 c5 10. b4 Nc6 11. Be3 c4 12. g3 h5 13. Bg2 Nh6 14. h3 Ne7 15. Nh4 Nef5
16. Nxf5 Nxf5 17. Bf2 Be7 18. Ng1 g5 19. fxg5 Bxg5 20. Bf3 Ng7 21. h4 Bh6 22.
Nh3 O-O-O 23. O-O Rdg8 24. Kh2 Nf5 25. a4 Be3 26. Rg1 Bxf2 27. Nxf2 Qe7 28. Kh3
Rxg3+ 29. Rxg3 Qxh4+ 30. Kg2 Qxg3+ 31. Kf1 0-1

[Event "Top Loire 2011-2012"]
[Site "Loire"]
[Date "2012.03.03"]
[Round "5.7"]
[White "Vier, Serge"]
[Black "Aumont-Mathieu, Georges"]
[Result "0-1"]
[WhiteElo "1740"]
[BlackElo "1910"]
[PlyCount "66"]
[EventDate "2012.??.??"]

1. d4 Nf6 2. Nf3 e6 3. c4 b6 4. g3 Bb7 5. Bg2 Be7 6. O-O O-O 7. Nc3 d6 8. Qc2
Nbd7 9. e4 c5 10. e5 dxe5 11. dxe5 Ne8 12. Re1 a6 13. h4 h6 14. Bf4 Ra7 15.
Rad1 Bxf3 16. Bxf3 g5 17. hxg5 hxg5 18. Bc1 Ng7 19. Kg2 f5 20. exf6 Bxf6 21.
Rh1 Nf5 22. Nd5 Bd4 23. Ne3 Ne5 24. Nxf5 Rxf5 25. Be4 Rff7 26. Rh5 Rg7 27. Rdh1
Qf6 28. Qd2 Ng4 29. Rxg5 Qxf2+ 30. Qxf2 Nxf2 31. Rxg7+ Rxg7 32. Bf3 Nxh1 33.
Kxh1 Rxg3 0-1

[Event "Top Loire 2011-2012"]
[Site "Loire"]
[Date "2012.03.03"]
[Round "5.8"]
[White "Moleins, Adrien"]
[Black "Pareux, Marc"]
[Result "1-0"]
[WhiteElo "1718"]
[BlackElo "1750"]
[PlyCount "67"]
[EventDate "2012.??.??"]

1. e4 g6 2. d4 Bg7 3. Be3 c6 4. Bd3 d5 5. e5 h5 6. c3 Nh6 7. Ne2 Bf5 8. Ng3
Bxd3 9. Qxd3 e6 10. Nd2 h4 11. Ne2 Nf5 12. Nf3 Nxe3 13. fxe3 Nd7 14. O-O Qe7
15. a4 g5 16. b4 Bh6 17. b5 c5 18. c4 g4 19. Nd2 Qg5 20. Nf4 cxd4 21. exd4 O-O
22. cxd5 exd5 23. Nb3 Rad8 24. Rae1 Rfe8 25. e6 f5 26. Nxd5 Nf6 27. Rxf5 Rxd5
28. Rxg5+ Rxg5 29. Qc4 Re7 30. Nc5 Nd5 31. Nxb7 Rf5 32. Nd6 Be3+ 33. Kh1 Rf6
34. Qxd5 1-0

[Event "Top Loire 2011-2012"]
[Site "Loire"]
[Date "2012.03.03"]
[Round "5.9"]
[White "Walter, Alain"]
[Black "Boeuf, Jean-Julien"]
[Result "1-0"]
[WhiteElo "1780"]
[BlackElo "1530"]
[PlyCount "67"]
[EventDate "2012.??.??"]

1. d4 Nf6 2. c4 g6 3. Nc3 d5 4. e3 Bg7 5. Nf3 O-O 6. h3 b6 7. cxd5 Nxd5 8. Bc4
Nxc3 9. bxc3 Ba6 10. Bxa6 Nxa6 11. Qa4 Qc8 12. Ba3 Re8 13. O-O c6 14. Rab1 c5
15. Rfc1 e6 16. e4 Re7 17. e5 Rc7 18. Ng5 Bh6 19. f4 Bf8 20. Ne4 Be7 21. g4 Qb7
22. Re1 cxd4 23. Bxe7 Rxe7 24. cxd4 Nc7 25. Rbc1 Qd5 26. Nf6+ Kg7 27. Nxd5 Nxd5
28. Qb3 Rd7 29. Qf3 Rad8 30. f5 Nb4 31. fxe6 fxe6 32. Qf6+ Kg8 33. Qxe6+ Kg7
34. Rc8 1-0

[Event "Top Loire 2011-2012"]
[Site "Loire"]
[Date "2012.04.28"]
[Round "6.1"]
[White "Tchalimian, Pascal"]
[Black "Licata-Messana, Luc"]
[Result "0-1"]
[WhiteElo "2004"]
[BlackElo "1960"]
[PlyCount "61"]
[EventDate "2012.??.??"]

1. b3 e5 2. Bb2 Nc6 3. e3 d6 4. Bb5 Bd7 5. Nf3 f5 6. d4 e4 7. Nfd2 d5 8. a3 Qg5
9. g3 Nf6 10. c4 a6 11. Ba4 Be7 12. Nc3 dxc4 13. bxc4 Qg6 14. Ne2 O-O 15. d5
Nb8 16. Bb3 a5 17. Qc2 Na6 18. Bd4 Nc5 19. Bxc5 Bxc5 20. Ba4 c6 21. dxc6 bxc6
22. Nb3 Be7 23. Nbd4 c5 24. Nb5 Rab8 25. Rd1 Rfd8 26. O-O Ng4 27. h3 Ne5 28.
Kg2 Qh5 29. Nf4 Qf3+ 30. Kh2 Nd3 31. Nd5 0-1

[Event "Top Loire 2011-2012"]
[Site "Loire"]
[Date "2012.04.28"]
[Round "6.2"]
[White "Deville, Olivier"]
[Black "Muller, Anthony"]
[Result "0-1"]
[WhiteElo "1965"]
[BlackElo "2005"]
[PlyCount "62"]
[EventDate "2012.??.??"]

1. Nf3 d5 2. c4 e6 3. b3 Nf6 4. Bb2 Be7 5. g3 O-O 6. Bg2 b6 7. O-O Bb7 8. cxd5
exd5 9. d4 c5 10. Qc2 Nc6 11. Nc3 Rc8 12. Bh3 Nxd4 13. Nxd4 cxd4 14. Bxc8 Qxc8
15. Rac1 dxc3 16. Qxc3 Qh3 17. Qf3 Ng4 18. Qg2 Qxg2+ 19. Kxg2 Bd6 20. Bd4 Re8
21. Rc2 Nh6 22. a4 Nf5 23. Bb2 d4+ 24. Kg1 Be4 25. Rcc1 Bd5 26. g4 Nh4 27. Bxd4
h5 28. h3 hxg4 29. hxg4 Re4 30. f3 Rxd4 31. Rfd1 Bc5 0-1

[Event "Top Loire 2011-2012"]
[Site "Loire"]
[Date "2012.04.28"]
[Round "6.3"]
[White "Morice, Ludovic"]
[Black "Bruel, Bruno"]
[Result "1-0"]
[WhiteElo "2057"]
[BlackElo "1720"]
[PlyCount "95"]
[EventDate "2012.??.??"]

1. f4 d5 2. Nf3 Nf6 3. e3 Bg4 4. h3 Bxf3 5. Qxf3 Nbd7 6. g4 e6 7. d3 g6 8. Nc3
c6 9. Bg2 Bg7 10. e4 d4 11. Ne2 Nb6 12. a4 a5 13. Bd2 c5 14. b3 Nbd7 15. O-O
O-O 16. Ng3 Kh8 17. g5 Ng8 18. h4 f6 19. Qg4 fxg5 20. hxg5 Qe7 21. Rae1 Qe8 22.
Qh3 Qe7 23. Rf2 Qe8 24. Bf3 Qf7 25. Ref1 Ne7 26. Bg4 Ra6 27. Rh2 Qg8 28. Bxa5
Re8 29. Bd2 Nf8 30. Rhf2 Rea8 31. Kg2 Re8 32. Bc1 Rea8 33. Ne2 b5 34. axb5 Ra2
35. Ng1 R2a5 36. Nf3 Rxb5 37. Nd2 Nc6 38. Nc4 Rb7 39. Rh1 Re8 40. Ba3 Nb4 41.
Qf3 Ra7 42. Bxb4 cxb4 43. e5 Rf7 44. Nd2 Ree7 45. Qe4 Rf5 46. Qxd4 Bxe5 47.
fxe5 Rxg5 48. Qf4 1-0

[Event "Top Loire 2011-2012"]
[Site "Loire"]
[Date "2012.04.28"]
[Round "6.4"]
[White "Aumont-Mathieu, Georges"]
[Black "Moleins, Adrien"]
[Result "0-1"]
[WhiteElo "1910"]
[BlackElo "1718"]
[PlyCount "52"]
[EventDate "2012.??.??"]

1. e4 c5 2. c3 Nc6 3. Nf3 e6 4. d4 cxd4 5. cxd4 Nf6 6. Nc3 Bb4 7. Bd3 Qb6 8.
Bc2 d5 9. e5 Ne4 10. Qd3 Bd7 11. O-O Nxc3 12. bxc3 Be7 13. a4 Na5 14. Rb1 Qc7
15. Nd2 a6 16. Qg3 g6 17. h4 Rc8 18. Bb2 b5 19. Bd3 bxa4 20. Bxa6 Rb8 21. c4
Qa7 22. Bc3 Rxb1 23. Rxb1 Qxa6 24. Rb8+ Bd8 25. Qg5 Nc6 26. Bb4 Nxb8 0-1

[Event "Top Loire 2011-2012"]
[Site "Loire"]
[Date "2012.04.28"]
[Round "6.5"]
[White "Longueville, Thomas"]
[Black "Jan, Christophe"]
[Result "0-1"]
[WhiteElo "1788"]
[BlackElo "1880"]
[PlyCount "68"]
[EventDate "2012.??.??"]

1. Nf3 d5 2. d4 Nf6 3. e3 c5 4. b3 g6 5. Bd3 Nc6 6. Bb2 Bg7 7. Nbd2 cxd4 8.
exd4 O-O 9. O-O Nb4 10. Be2 Bf5 11. c3 Nd3 12. Ba3 Nf4 13. Re1 Nxe2+ 14. Qxe2
Ne4 15. Nxe4 dxe4 16. Ng5 Re8 17. Nxe4 Qc7 18. Bb2 Rad8 19. Rad1 b6 20. g4 Bc8
21. Qf3 Bb7 22. Qh3 e5 23. c4 exd4 24. Bxd4 Bxe4 25. Qc3 Bxd4 26. Rxd4 Rxd4 27.
Qxd4 Qf4 28. Qd7 Re6 29. Qd8+ Kg7 30. Qd4+ Kf8 31. h3 Qf3 32. Qd8+ Re8 33. Qd6+
Kg8 34. Qh2 Qc3 0-1

[Event "Top Loire 2011-2012"]
[Site "Loire"]
[Date "2012.04.28"]
[Round "6.6"]
[White "Andre, Gregory"]
[Black "Walter, Alain"]
[Result "1/2-1/2"]
[WhiteElo "1730"]
[BlackElo "1780"]
[PlyCount "45"]
[EventDate "2012.??.??"]

1. Nf3 d5 2. c4 c6 3. b3 Nf6 4. Bb2 dxc4 5. bxc4 e6 6. e3 Bb4 7. Qb3 Ba5 8. Ba3
Nbd7 9. Nc3 c5 10. Be2 O-O 11. O-O Bc7 12. d4 b6 13. Rfd1 Qe7 14. Rd2 Rd8 15.
Rad1 Bb7 16. d5 exd5 17. cxd5 Ne4 18. Nxe4 Qxe4 19. d6 Bb8 20. Bb2 Nf6 21. h3
Qg6 22. Nh4 Qg5 23. Nf3 $11 1/2-1/2

[Event "Top Loire 2011-2012"]
[Site "Loire"]
[Date "2012.04.28"]
[Round "6.7"]
[White "Garon, Pierre"]
[Black "Furnon, Yannick"]
[Result "1/2-1/2"]
[WhiteElo "1904"]
[BlackElo "1890"]
[PlyCount "125"]
[EventDate "2012.??.??"]

1. d4 d5 2. Nf3 Nf6 3. e3 Bf5 4. Be2 e6 5. b3 Nbd7 6. Bb2 Bd6 7. Nbd2 c6 8. Ne5
h6 9. c4 Qc7 10. f4 Ne4 11. c5 Be7 12. Nxe4 Bxe4 13. Rg1 Nxe5 14. fxe5 f5 15.
b4 a6 16. a4 Bg5 17. Bc1 O-O 18. g3 b6 19. Bd2 a5 20. cxb6 Qxb6 21. bxa5 Qb7
22. a6 Rxa6 23. Bxa6 Qxa6 24. Kf2 Rb8 25. Qe2 Bd3 26. Qd1 Be4 27. Qc1 Qd3 28.
Ra3 Rb3 29. Rxb3 Qxb3 30. a5 f4 31. Re1 Qd3 32. gxf4 Bh4+ 33. Kg1 Bxe1 34. Qxe1
Kf7 35. Kf2 Bf5 36. Qe2 Qa3 37. Be1 Bd3 38. Qd2 Bb5 39. Qc2 g6 40. Bc3 Qe7 41.
Kg3 Qa3 42. h4 h5 43. Kf3 Qe7 44. Be1 Qa3 45. Kf2 Qa1 46. Qc3 Qa2+ 47. Qd2 Qc4
48. Kg3 Qf1 49. Qf2 Qh1 50. Bb4 Qb1 51. Qe1 Qf5 52. Qf2 Qg4+ 53. Kh2 Qd1 54.
Qg2 Bd3 55. Qd2 Qf1 56. Qe1 Qf3 57. Qg1 Qe2+ 58. Kg3 Qg4+ 59. Kf2 Qxh4+ 60. Kf3
Qh3+ 61. Kf2 Qh4+ 62. Qg3 Qh1 63. Qg2 1/2-1/2

[Event "Top Loire 2011-2012"]
[Site "Loire"]
[Date "2012.04.28"]
[Round "6.8"]
[White "Vier, Serge"]
[Black "Cursoux, Gerard"]
[Result "0-1"]
[WhiteElo "1740"]
[BlackElo "1920"]
[PlyCount "98"]
[EventDate "2012.??.??"]

1. d4 d5 2. c4 dxc4 3. Nf3 Nf6 4. e3 e6 5. Bxc4 c5 6. O-O a6 7. Qe2 b5 8. Bb3
Bb7 9. Re1 Qc7 10. Nc3 Nbd7 11. e4 cxd4 12. Nxd4 Be7 13. Be3 Qe5 14. f3 Rc8 15.
Rad1 O-O 16. Qf2 Rfd8 17. Qg3 Qxg3 18. hxg3 Nc5 19. Bc2 g6 20. Nb3 Nfd7 21. Rd2
Nxb3 22. Bxb3 Ne5 23. Red1 Rxd2 24. Rxd2 Kf8 25. Rd1 Ke8 26. f4 Ng4 27. Bf2 Bb4
28. f5 Ke7 29. Bd4 e5 30. Bb6 Bxc3 31. bxc3 Bxe4 32. fxg6 hxg6 33. Ba5 Rc6 34.
Bb4+ Ke8 35. a4 f5 36. axb5 axb5 37. Ba5 Ra6 38. Bb4 Ne3 39. Rd6 Ra1+ 40. Kf2
Ng4+ 41. Ke2 Rb1 42. Re6+ Kd7 43. Re7+ Kd8 44. Bf7 Rb2+ 45. Ke1 $11 Bc6 46.
Bxg6 Rxb4 47. Bxf5 Kxe7 48. cxb4 Ne3 49. Bh3 Nc2+ 0-1

[Event "Top Loire 2011-2012"]
[Site "Loire"]
[Date "2012.04.28"]
[Round "6.9"]
[White "Pareux, Marc"]
[Black "Boeuf, Jean-Julien"]
[Result "0-1"]
[WhiteElo "1750"]
[BlackElo "1530"]
[PlyCount "41"]
[EventDate "2012.??.??"]

1. d4 Nf6 2. f3 d5 3. Nc3 g6 4. e4 Bg7 5. e5 Ng8 6. f4 Bf5 7. Be3 f6 8. Nf3 e6
9. Nd2 fxe5 10. fxe5 Nc6 11. g4 Qh4+ 12. Bf2 Qxg4 13. Be2 Qf4 14. Nf3 Nb4 15.
Rc1 Bh6 16. Nd2 Ne7 17. Nb5 Kd7 18. c3 Nd3+ 19. Bxd3 Bxd3 20. Na3 Rhf8 21. Bg3
0-1

[Event "Top Loire 2011-2012"]
[Site "Loire"]
[Date "2012.05.26"]
[Round "7.1"]
[White "Licata-Messana, Luc"]
[Black "Moleins, Adrien"]
[Result "1-0"]
[WhiteElo "2050"]
[BlackElo "1714"]
[PlyCount "63"]
[EventDate "2012.??.??"]

1. Nf3 e6 2. d4 f5 3. Bf4 d6 4. e3 Be7 5. c4 Nf6 6. h3 c5 7. Be2 Na6 8. O-O O-O
9. Nc3 Qe8 10. dxc5 dxc5 11. Nb5 Ne4 12. Ne5 Qd8 13. Qxd8 Bxd8 14. Bd3 Nf6 15.
Rfd1 Nb4 16. Be2 Ne4 17. a3 Na6 18. Bf3 g5 19. Bh2 Nf6 20. Nd6 Nc7 21. Nxc8
Rxc8 22. Bxb7 Rb8 23. Nc6 Rxb7 24. Nxd8 Rxd8 25. Rxd8+ Nce8 26. b4 cxb4 27. Be5
Kf7 28. axb4 Nd7 29. Bc3 Nb6 30. c5 Nd5 31. c6 Rc7 32. Be5 1-0

[Event "Top Loire 2011-2012"]
[Site "Loire"]
[Date "2012.05.26"]
[Round "7.2"]
[White "Jan, Christophe"]
[Black "Muller, Anthony"]
[Result "0-1"]
[WhiteElo "1880"]
[BlackElo "2031"]
[PlyCount "122"]
[EventDate "2012.??.??"]

1. e4 e6 2. c4 d5 3. cxd5 exd5 4. Nf3 dxe4 5. Qa4+ c6 6. Qxe4+ Be7 7. Nc3 Nf6
8. Qc2 O-O 9. Be2 Bg4 10. O-O Re8 11. Rd1 Qa5 12. d3 Na6 13. Be3 Nb4 14. Qa4
Qc7 15. Rd2 Bd6 16. h3 Bf5 17. Nd4 Bg6 18. Rc1 a6 19. Qb3 Rad8 20. Nf3 Nbd5 21.
Bg5 Rd7 22. Re1 h6 23. Bxf6 Nxf6 24. Bf1 Rxe1 25. Nxe1 Bh2+ 26. Kh1 Bf4 27. Rd1
Nd5 28. Be2 Qe5 29. Nxd5 Rxd5 30. Bf1 Rb5 31. d4 Rxb3 32. dxe5 Rxb2 33. Nd3
Bxd3 34. Bxd3 Rxf2 35. Rf1 Rxf1+ 36. Bxf1 Bxe5 37. g4 Kf8 38. Kg2 Ke7 39. Kf3
Kd6 40. Bc4 f6 41. Ke4 b5 42. Bb3 c5 43. Bf7 c4 44. Ke3 Kc5 45. Kd2 a5 46. h4
a4 47. Kc2 b4 48. Bg8 b3+ 49. Kb1 Kb4 50. Bf7 c3 51. Bg6 Bf4 52. axb3 axb3 53.
Bf5 Kc5 54. Bg6 Kd4 55. Bf5 Ke3 56. Bg6 Kd2 57. Bf5 c2+ 58. Bxc2 bxc2+ 59. Ka2
c1=Q 60. h5 Kc3 61. g5 Qb2# 0-1

[Event "Top Loire 2011-2012"]
[Site "Loire"]
[Date "2012.05.26"]
[Round "7.3"]
[White "Deville, Olivier"]
[Black "Morice, Ludovic"]
[Result "1/2-1/2"]
[WhiteElo "1972"]
[BlackElo "2074"]
[PlyCount "93"]
[EventDate "2012.??.??"]

1. Nf3 c5 2. c4 Nf6 3. Nc3 g6 4. g3 Bg7 5. Bg2 O-O 6. O-O Nc6 7. d4 cxd4 8.
Nxd4 Qb6 9. Nc2 d6 10. Rb1 Be6 11. Nd5 Qd8 12. Bg5 Nd7 13. Qd2 Re8 14. b3 a5
15. Nf4 Nc5 16. Nxe6 Nxe6 17. Bh6 Bxh6 18. Qxh6 Qb6 19. Kh1 Nb4 20. Ne3 Nxa2
21. Nd5 Qd4 22. f4 Qg7 23. Qh4 f5 24. e4 Nc5 25. exf5 gxf5 26. Nc7 Nc3 27. Rbe1
N3e4 28. Nxa8 Rxa8 29. Bxe4 fxe4 30. Qg5 Qxg5 31. fxg5 Rf8 32. Rxf8+ Kxf8 33.
Rb1 Nd3 34. Kg2 e6 35. Kf1 d5 36. cxd5 exd5 37. Ke2 Ke7 38. Ke3 Ke6 39. Kd4 Ne5
40. Rc1 Nc6+ 41. Ke3 Ke5 42. Rc5 Nd4 43. Rxa5 Nc2+ 44. Kd2 Nd4 45. Ke3 Nc2+ 46.
Kd2 Nd4 47. Ke3 $11 1/2-1/2